000 00665nam a2200193 a 4500
005 20231207063603.0
008 020830s1989 mx r 000 0 spa d
035 _aUPN01000118819
049 _aCG
050 4 _aQA1
_bC6.52
111 2 _aColoquio de Matemáticas
_d(1988 :
_cMéxico)
245 1 0 _aMaterias con alto índice de reprobación :
_bmatemáticas /
_ccomp. Alicia Batllori Guerrero.
260 _aMéxico :
_bUNAM, Centro de Investigaciones y Servicios Educativos,
_c1989.
300 _a188 p.
440 0 _aSerie sobre la universidad ;
_v13
650 4 _aMatemáticas
_vCongresos
_913044
700 1 _aBatllori, Guerrero, Alicia,
_ecomp.
905 _aLibro
999 _c91182
_d91182